Представление документа в формате MARC21

Поле Инд. ПП Название Значение
Тип записи a
Библиографический уровень b
001 Контрольный номер RU/IS/BASE/283518966
005 Дата корректировки 20220715140324.2
008 Кодируемые данные 20081225
040 b Код языка каталог. rus
e Правила каталог. PSBO
041 0_ a Код языка текста rus
084 a Индекс другой классификации/Индекс ББК 60.507
100 1_ a Автор Брянцева Е. А.
q Полное имя Брянцева Екетерина Александровна
245 10 a Заглавие Социология имиджа: к постановке проблемы
504 a Библиография Библиогр. ссылки. - Примеч.
650 a Основная рубрика социология
653 a Ключевые слова групповой имидж
a Ключевые слова имидж
a Ключевые слова имидж личности
a Ключевые слова имиджелогия
a Ключевые слова корпоративный имидж
a Ключевые слова междисциплинарное взаимодействие
a Ключевые слова образ
a Ключевые слова предметный имидж
a Ключевые слова психология имиджа
a Ключевые слова социологические концепции
a Ключевые слова социология имиджа
773 t Заглавие источника Вестник Московского университета. Серия 18, Социология и политология
d Дата издания источника 2008
g Прочая информация № 1. - С. 105 - 117
w Контрольный № источника RU/IS/BASE/279889919
901 t Тип документа b